Normal view
MARC view
- Panasyuk V.V, Taplin D.M.R.
Entry Personal Name
001 - CONTROL NUMBER
- control field: 38067
003 - CONTROL NUMBER IDENTIFIER
- control field: NUST
005 - DATE AND TIME OF LATEST TRANSACTION
- control field: 20210314130530.0
008 - FIXED-LENGTH DATA ELEMENTS
- fixed length control field: 210314|| aca||aabn | a|a d
040 ## - CATALOGING SOURCE
- Original cataloging agency: NUST
- Transcribing agency: NUST
100 ## - HEADING--PERSONAL NAME
- Personal name: Panasyuk V.V, Taplin D.M.R.
670 ## - SOURCE DATA FOUND
- Source citation: Work cat.: (NUST): Panasyuk V.V, Taplin D.M.R.,, Advances in fracture resistance and structural integrity :, 1994.
